| 000 | 01086nam a2200229Ia 4500 | ||
|---|---|---|---|
| 001 | L262-19274 | ||
| 003 | IT-CnALBA | ||
| 008 | 170116s9999||||xx |||||||||||||| ||und|| | ||
| 040 |
_aIT-CnALBA _cIT-CnALBA |
||
| 041 | _aITALIANO | ||
| 100 | _aPIO XI, PAPA RATTI | ||
| 245 | 0 | _aDIVINI REDEMPTORIS. ENCICLICA SUL COMUNISMO ATEO. 1937. | |
| 250 | _a1a ed. | ||
| 260 |
_aCINISELLO BALSAMO (MI) _bEDIZIONI PAOLINE _c1945 [1° Ed.:1945 - Ed.Ling.Originale: 1945] |
||
| 300 | _a90 p. | ||
| 500 | _aCHIESA E COMUNISMO. DOTTRINA E FRUTTI DEL COMUNISMO. DOTTRINA DELLA CHIESA. RIMEDI E MEZZI. MINISTRI E COLLABORATORI DELLA CHIESA. CONCLUSIONE. S. GIUSEPPE ARTIGIANO PATRONO DEGLI OPERAI. | ||
| 501 | _aSocietà San Paolo EM - Piazza San Paolo, 14 - 12051 ALBA (CN) (non commercial uses only) ® Copyright 2017 | ||
| 520 | _aCHIESA E COMUNISMO. DOTTRINA E FRUTTI DEL COMUNISMO. DOTTRINA DELLA CHIESA. RIMEDI E MEZZI. MINISTRI E COLLABORATORI DELLA CHIESA. CONCLUSIONE. S. GIUSEPPE ARTIGIANO PATRONO DEGLI OPERAI. | ||
| 650 | _aECCLESIOLOGIA | ||
| 942 | _cBK | ||
| 957 | _71 | ||
| 999 |
_a24013 _bSI _g Copie: 1 _c278395 _d278395 |
||